00814nas a2200265 4500001001300000003000900013005001700022007000300039008003400042040005400076041000900130072000800139100001700147100001800164100001500182100001600197100002000213245008000233650001900313650001500332650002000347650001100367773012300378856004700501BR2014007102BR-BrBNA20231205124718.0ta230509b bl.|||p| |||| 00| 00por d aBR-BrBNAbporcBiblioteca Nacional de Agricultura a(En) aP331 aLozano, L.A.1 aSoracco, C.G.1 aBuda, V.S.1 aSarli, G.O.1 aFilgueira, R.R.1 aStabilization of soil hydraulic properties under a long term no-till system aPLANTIO DIRETO aPOROSIDADE aINFILTRAÇÃO aÁGUA0 tRevista Brasileira de Ciência do Solo (Brazil)xISSN 0100-0683 g(Jul-Aug 2014), v. 38(4) p. 1281-1292wBR201400710240uhttp://www.scielo.br/pdf/rbcs/v38n4/24.pdf